Oáza zdravia

Rozhovor s riaditeľom Bardejovských kúpeľov, Ing. Hviščom. Rozvoj Bardejovských kúpeľov. História kúpeľov. Poskytovanie kúpeľnej liečby.

Salvato in:
Dettagli Bibliografici
Autore principale: Hvišč, Viktor
Natura: Capitolo di libro
Lingua:slovacco
Soggetti:
Tags: Aggiungi Tag
Nessun Tag, puoi essere il primo ad aggiungerne!!

MARC

LEADER 00000naa a2200000 4500
001 r025446
005 20230825080200.1
041 0 |a slo 
044 |a SK 
245 1 0 |a Oáza zdravia  |c V. Hvišč 
520 |a Rozhovor s riaditeľom Bardejovských kúpeľov, Ing. Hviščom. Rozvoj Bardejovských kúpeľov. História kúpeľov. Poskytovanie kúpeľnej liečby. 
610 2 0 |a kúpele 
610 2 0 |a liečenie kúpeľné 
610 2 0 |a Bardejovské kúpele 
610 2 0 |a história 
100 1 |a Hvišč, Viktor